000 00655nam a2200217 4500
001 143749
003 ES-MaACL
005 20250822062553.0
007 t|
008 070214s1963 sp r ||||1| spa d
100 1 _aSheehy, Mary Maurice.
_9106047
245 1 0 _aPsicología para enfermeras /
_cMary Maurice Sheehy, Francis L. Harmon ; traducción de Arturo de la Orden.
260 _aMadrid :
_bRialp,
_c1963.
300 _a295 p. ;
_c22 cm.
650 7 _aPsicología
_2embne
_916540
650 7 _9148918
_aEnfermeras
700 1 _aHarmon, Francis L.
_961864
700 1 _aOrden, Arturo de la.
_987176
942 _2udc
999 _c143749
_d143749